00697naa a2200253 a 450000100080000000500110000800800410001910000150006024501050007526000090018065300160018965300110020565300180021665300130023465300100024765300120025765300200026965300120028970000170030170000210031870000190033970000160035877300690037410366712005-06-14 1999 bl uuuu u00u1 u #d1 aRESTLE, J. aSuplementacao associada com lasalocida para novilhos em terminacao em pastagem cultivada de inverno. c1999 aAveia preta aAzevem aGanho de peso aIonoforo aMilho aNovilho aNutricao animal aPastejo1 aSOARES, A.B.1 aFERREIRA, M.V.B.1 aBRONDANI, I.L.1 aCALCA, K.G. tCiencia Rural, Santa Mariagv.29, n.3, p.555-559, jul-set. 1999.